• 首页
  • 本馆介绍
  • 公告通知
  • 最新文献
  • 馆藏检索
  • 电子资源
  • 读者导购
  • 参考咨询
  • 我的图书馆
  • 登录
  • 详细信息显示
  • 放入我的书架
  • 预约/预借图书
  • 作者相关作品
  • 分类相关作品
  • 丛书相关作品
  • 出版社相关作品

书目信息

  • 表格格式
  • 工作单格式
  • 卡片格式
题名:
出口营销实战
    
 
作者: 黄泰山 著
分册:  
出版信息: 北京   中国海关出版社  2007
页数: 381页
开本: 24cm
丛书名:
单 册:
中图分类: F752.62
科图分类:
主题词: 出口商品--市场营销学--中国 , 出口商品 , 市场营销学
电子资源:
ISBN: 978-7-80165-306-2
000 00836nam0 2200265 45
001 1029967300
005 20100428150227.00
010    @a978-7-80165-306-2@dCNY38.00
100    @a20100420d20072008em y0chiy50 ea
101 0  @achi
102    @aCN@b110000
105    @ay z 000yy
106    @ar
200 1  @a出口营销实战@AChu Kou Ying Xiao Shi Zhan@f黄泰山著@FHuang Tai Shan Zhu
205    @a2版
210    @a北京@c中国海关出版社@d2007@h2008印
215    @a381页@d24cm
330    @a本书针对中小出口企业,紧紧抓住国际营销中的出口营销,总结自己的实战经验,为企业扩大出口提供了一些实用的方法和技巧。
606 0  @a出口商品@c市场营销学@y中国
606 0  @a出口商品
606 0  @a市场营销学
690    @aF752.62@v4
701  0 @a黄泰山@AHuang Tai Shan@4著
801  0 @aCN@bTANGWEI@c20100428
905    @b0595000-04@dF752.62@e31=2@f5
    
    出口营销实战/黄泰山著.-2版.-北京:中国海关出版社,2007(2008印)
    381页;24cm
    
    
    ISBN 978-7-80165-306-2:CNY38.00
    本书针对中小出口企业,紧紧抓住国际营销中的出口营销,总结自己的实战经验,为企业扩大出口提供了一些实用的方法和技巧。
●
相关链接 在E读中查询图书 在五车中查询图书 在当当中查询图书 在豆瓣中查询图书


正题名:出口营销实战     索取号:F752.62/31=2         预约/预借

序号 登录号 条形码 馆藏地/架位号 状态 备注
1 0595000   205950005   第一样本阅览室/ [索取号:F752.62/31=2] 在馆    
2 0595001   205950014   第一借阅区/ [索取号:F752.62/31=2] 在馆    
3 0595002   205950023   第一借阅区/ [索取号:F752.62/31=2] 在馆    
4 0595003   205950032   第一借阅区/ [索取号:F752.62/31=2] 在馆    
5 0595004   205950041   第一借阅区/ [索取号:F752.62/31=2] 在馆    
唐山师范学院图书馆 欢迎您!
大连网信软件有限公司© 版权所有